[Event "Matanzas Province-ch final"]
[Site "Jaguey Grande"]
[Date "2007.10.05"]
[Round "5"]
[White "Delgado Ramos, Hector"]
[Black "Munoz Dominguez, Santiago"]
[Result "1-0"]
[WhiteElo "2319"]
[BlackElo "2090"]
[PlyCount "53"]
[EventDate "2007.10.01"]
[EventType "tourn"]
[EventRounds "15"]
[EventCountry "CUB"]
[EventCategory "1"]
[SourceTitle "EXT 2019"]
[Source "ChessBase"]
[SourceDate "2018.10.10"]
[SourceVersion "1"]
[SourceVersionDate "2018.10.10"]
[SourceQuality "1"]

1. e4 c5 2. Nf3 d6 3. Bc4 e6 4. d3 Nf6 5. Bb3 Be7 6. 0-0 0-0 7. Re1 Nc6 8. c3 e5 9. Nbd2 h6 10. Nf1 Be6 11. Ng3 Qd7 12. h3 Bd8 13. Be3 Bb6 14. Ba4 Ba5 15. Nh4 a6 16. Nhf5 b5 17. Bc2 Ne7 18. Qf3 Nxf5 19. exf5 Bd5 20. Ne4 Bxe4 21. dxe4 Bd8 22. g3 Qc6 23. Rad1 Be7 24. Kh2 Rfd8 25. Rd5 Nxd5 26. exd5 Qd7 27. Bxh6 1-0

[Event "Matanzas Province-ch sf"]
[Site "Matanzas"]
[Date "2007.09.15"]
[Round "5"]
[White "Borges Feria, Yasel"]
[Black "Munoz Dominguez, Santiago"]
[Result "1-0"]
[WhiteElo "2349"]
[BlackElo "2064"]
[PlyCount "59"]
[EventDate "2007.09.11"]
[EventType "swiss"]
[EventRounds "9"]
[EventCountry "CUB"]
[SourceTitle "EXT 2019"]
[Source "ChessBase"]
[SourceDate "2018.10.10"]
[SourceVersion "1"]
[SourceVersionDate "2018.10.10"]
[SourceQuality "1"]

1. e4 c5 2. Nf3 d6 3. d4 cxd4 4. Nxd4 Nf6 5. Nc3 a6 6. Be3 e5 7. Nb3 Be7 8. f3 Be6 9. Qd2 0-0 10. 0-0-0 Qc7 11. g4 Rc8 12. Qf2 Nbd7 13. Kb1 b5 14. g5 Nh5 15. h4 b4 16. Nd5 Bxd5 17. Rxd5 a5 18. Bh3 a4 19. Nc1 Nf4 20. Bxf4 exf4 21. Bxd7 Qxd7 22. Qd2 Qc6 23. Nd3 b3 24. cxb3 axb3 25. a3 Ra4 26. Nc1 Qb6 27. Rd3 d5 28. Rxb3 Qc5 29. exd5 Rd4 30. Rd3 1-0

[Event "Jose Marti Memorial"]
[Site "Jaguey Grande"]
[Date "2007.09.13"]
[Round "13"]
[White "Cabrera Piedra, Arley"]
[Black "Munoz Dominguez, Santiago"]
[Result "0-1"]
[WhiteElo "1967"]
[BlackElo "2064"]
[PlyCount "64"]
[EventDate "2007.08.01"]
[EventType "tourn"]
[EventRounds "14"]
[EventCountry "CUB"]
[SourceTitle "EXT 2019"]
[Source "ChessBase"]
[SourceDate "2018.10.10"]
[SourceVersion "1"]
[SourceVersionDate "2018.10.10"]
[SourceQuality "1"]

1. e4 c5 2. Nf3 d6 3. Bb5+ Nd7 4. d4 Ngf6 5. Nc3 cxd4 6. Qxd4 e5 7. Qd3 h6 8. h3 Be7 9. Be3 a6 10. Bxd7+ Bxd7 11. 0-0-0 b5 12. g4 b4 13. Nd5 Nxd5 14. exd5 a5 15. Qd2 Rc8 16. Kb1 0-0 17. Rc1 f5 18. Bxh6 f4 19. Bxg7 Kxg7 20. Ne1 Rc5 21. Nf3 Qc7 22. h4 Rc8 23. h5 a4 24. b3 axb3 25. axb3 Rc3 26. Qe2 Bb5 27. Qe4 Bd3 28. h6+ Kh8 29. Qxd3 Rxd3 30. cxd3 Qd7 31. g5 Ra8 32. Kb2 Qa7 0-1

[Event "Jose Marti Memorial"]
[Site "Jaguey Grande"]
[Date "2007.08.11"]
[Round "11"]
[White "Munoz Dominguez, Santiago"]
[Black "Romero Gonzalez, Javier"]
[Result "0-1"]
[WhiteElo "2064"]
[BlackElo "2044"]
[PlyCount "96"]
[EventDate "2007.08.01"]
[EventType "tourn"]
[EventRounds "14"]
[EventCountry "CUB"]
[SourceTitle "EXT 2019"]
[Source "ChessBase"]
[SourceDate "2018.10.10"]
[SourceVersion "1"]
[SourceVersionDate "2018.10.10"]
[SourceQuality "1"]

1. e4 e5 2. Nf3 Nc6 3. Bb5 a6 4. Ba4 Nf6 5. 0-0 Be7 6. Re1 b5 7. Bb3 d6 8. c3 0-0 9. h3 Na5 10. Bc2 c5 11. d4 Qc7 12. Nbd2 cxd4 13. cxd4 Nc6 14. Nb3 a5 15. Be3 a4 16. Nbd2 Be6 17. Bd3 Qb8 18. d5 Nb4 19. Bf1 Bd7 20. a3 Na6 21. Rc1 Rc8 22. Rxc8+ Qxc8 23. g4 h5 24. g5 Nh7 25. h4 Bh3 26. Bxh3 Qxh3 27. Nf1 Nf8 28. Ng3 Ng6 29. Nxh5 Nxh4 30. Nxh4 Qxh4 31. Ng3 g6 32. Qd2 Kg7 33. Kg2 Nc5 34. Bxc5 dxc5 35. Rh1 Qxg5 36. Qxg5 Bxg5 37. d6 Rd8 38. Rd1 Kf6 39. Rd5 Bc1 40. Rxc5 Bxb2 41. Rxb5 Bxa3 42. Ra5 Bxd6 43. Rxa4 Rc8 44. Ra6 Ke7 45. Ra7+ Ke6 46. Ne2 Rc2 47. Ng3 Rxf2+ 48. Kxf2 Bc5+ 0-1

[Event "Jose Marti Memorial"]
[Site "Jaguey Grande"]
[Date "2007.08.10"]
[Round "10"]
[White "Enrique Hernandez, Eddy Ernesto"]
[Black "Munoz Dominguez, Santiago"]
[Result "1-0"]
[WhiteElo "2128"]
[BlackElo "2064"]
[PlyCount "58"]
[EventDate "2007.08.01"]
[EventType "tourn"]
[EventRounds "14"]
[EventCountry "CUB"]
[SourceTitle "EXT 2019"]
[Source "ChessBase"]
[SourceDate "2018.10.10"]
[SourceVersion "1"]
[SourceVersionDate "2018.10.10"]
[SourceQuality "1"]

1. e4 c5 2. Nf3 d6 3. c3 Nf6 4. h3 g6 5. Bd3 Bg7 6. Bc2 Nc6 7. 0-0 0-0 8. d4 e5 9. Be3 Qe7 10. d5 Nb8 11. Qd2 Ne8 12. a4 f5 13. Bg5 Bf6 14. exf5 gxf5 15. Bxf6 Nxf6 16. Re1 Kh8 17. Qh6 Nxd5 18. Na3 Rf6 19. Qh4 Nc6 20. Rad1 Nf4 21. g3 Qg7 22. Kf1 Rh6 23. Qg5 Nxh3 24. Qxg7+ Kxg7 25. Nb5 e4 26. Nh4 Be6 27. Nxd6 Rf8 28. Ng2 Ne5 29. b3 Ng4 1-0

[Event "Matanzas Province-ch U20"]
[Site "Matanzas"]
[Date "2007.06.13"]
[Round "13"]
[White "Munoz Dominguez, Santiago"]
[Black "Alonso Bouza, Julio Javier"]
[Result "0-1"]
[WhiteElo "2064"]
[BlackElo "2142"]
[PlyCount "42"]
[EventDate "2007.06.02"]
[EventType "tourn"]
[EventRounds "12"]
[EventCountry "CUB"]
[SourceTitle "EXT 2019"]
[Source "ChessBase"]
[SourceDate "2018.10.10"]
[SourceVersion "1"]
[SourceVersionDate "2018.10.10"]
[SourceQuality "1"]

1. d4 g6 2. c4 Bg7 3. Nf3 d6 4. g3 Nd7 5. Bg2 e5 6. Nc3 Ne7 7. 0-0 0-0 8. e4 exd4 9. Nxd4 Nb6 10. Qd3 Nc6 11. Nxc6 bxc6 12. Be3 Ba6 13. Bxb6 axb6 14. Rac1 b5 15. cxb5 cxb5 16. b4 c5 17. e5 cxb4 18. Bxa8 bxc3 19. Bc6 Qb6 20. Qxd6 b4 21. Rfe1 Rd8 0-1

[Event "Matanzas Province-ch U20"]
[Site "Matanzas"]
[Date "2007.06.07"]
[Round "7"]
[White "Munoz Dominguez, Santiago"]
[Black "Oliva Castaneda, Kevel"]
[Result "1-0"]
[WhiteElo "2064"]
[BlackElo "2114"]
[PlyCount "95"]
[EventDate "2007.06.02"]
[EventType "tourn"]
[EventRounds "12"]
[EventCountry "CUB"]
[SourceTitle "EXT 2019"]
[Source "ChessBase"]
[SourceDate "2018.10.10"]
[SourceVersion "1"]
[SourceVersionDate "2018.10.10"]
[SourceQuality "1"]

1. d4 c5 2. d5 e5 3. e4 d6 4. Nc3 Be7 5. g3 Bg5 6. Bg2 Bxc1 7. Qxc1 Nf6 8. Nge2 0-0 9. 0-0 a6 10. a4 b6 11. f4 exf4 12. gxf4 Nbd7 13. Qd2 Re8 14. Ng3 g6 15. Rae1 Bb7 16. Re2 Qb8 17. Rfe1 Kg7 18. h4 h5 19. e5 dxe5 20. f5 Qd8 21. Rf1 Ng4 22. Qg5 Qxg5 23. hxg5 Rad8 24. f6+ Kg8 25. Bh3 Nf8 26. Bxg4 hxg4 27. Rd1 Nh7 28. Nge4 Rd7 29. Rh2 Red8 30. Kf2 Bxd5 31. Rdh1 Bxe4 32. Nxe4 Rd2+ 33. Nxd2 Rxd2+ 34. Kg3 Rxh2 35. Rxh2 Nxg5 36. Kxg4 Ne4 37. Re2 Nxf6+ 38. Kg5 Kg7 39. Rxe5 Nh7+ 40. Kg4 f5+ 41. Kg3 Kf6 42. Re8 b5 43. a5 Ng5 44. Ra8 Ne4+ 45. Kg2 Ke5 46. Rxa6 Nd6 47. Rb6 Kd5 48. a6 1-0

[Event "Matanzas Province-ch U20"]
[Site "Matanzas"]
[Date "2007.06.04"]
[Round "4"]
[White "Taboada Patersson, Carlos Fidel"]
[Black "Munoz Dominguez, Santiago"]
[Result "0-1"]
[WhiteElo "2003"]
[BlackElo "2064"]
[PlyCount "60"]
[EventDate "2007.06.02"]
[EventType "tourn"]
[EventRounds "12"]
[EventCountry "CUB"]
[SourceTitle "EXT 2019"]
[Source "ChessBase"]
[SourceDate "2018.10.10"]
[SourceVersion "1"]
[SourceVersionDate "2018.10.10"]
[SourceQuality "1"]

1. e4 c5 2. Nf3 d6 3. d4 cxd4 4. Nxd4 Nf6 5. Nc3 a6 6. Bg5 e6 7. f4 Nbd7 8. Qf3 Qc7 9. 0-0-0 b5 10. Bd3 Bb7 11. Rhe1 Qb6 12. Bxf6 Nxf6 13. f5 b4 14. Nb1 e5 15. Nb3 Be7 16. N1d2 a5 17. Qe3 Qxe3 18. Rxe3 a4 19. Bb5+ Kf8 20. Na1 g6 21. fxg6 hxg6 22. h3 d5 23. Nf3 Nxe4 24. Nxe5 Bg5 25. Rde1 d4 26. Rf1 Bxe3+ 27. Kd1 Nf2+ 28. Ke2 Rh5 29. Nc4 Rxb5 30. Nd6 Rb6 0-1

[Event "Matanzas Province-ch U20"]
[Site "Matanzas"]
[Date "2007.06.02"]
[Round "2"]
[White "Romero Gonzalez, Javier1111"]
[Black "Munoz Dominguez, Santiago"]
[Result "1-0"]
[WhiteElo "2044"]
[BlackElo "2064"]
[PlyCount "69"]
[EventDate "2007.06.02"]
[EventType "tourn"]
[EventRounds "12"]
[EventCountry "CUB"]
[SourceTitle "EXT 2019"]
[Source "ChessBase"]
[SourceDate "2018.10.10"]
[SourceVersion "1"]
[SourceVersionDate "2018.10.10"]
[SourceQuality "1"]

1. e4 c5 2. Nf3 d6 3. Bb5+ Nd7 4. d4 Ngf6 5. Nc3 cxd4 6. Qxd4 e5 7. Qd3 h6 8. Be3 Be7 9. Bc4 0-0 10. 0-0 a6 11. a4 Qc7 12. Nh4 Nc5 13. Bxc5 dxc5 14. Nf3 Rd8 15. Qe3 Bg4 16. b3 Rd7 17. Nd5 Nxd5 18. Bxd5 Rf8 19. Qc3 Bd6 20. Nd2 Kh8 21. Nc4 Be2 22. Rfb1 b5 23. Nxd6 Qxd6 24. f3 bxa4 25. bxa4 f5 26. Kf2 fxe4 27. Bxe4 Bxf3 28. gxf3 Qe7 29. Rd1 Rd4 30. Rxd4 exd4 31. Qd3 a5 32. Rg1 Qh4+ 33. Kg2 g5 34. Qa6 Qh5 35. Qd6 1-0